All Players with Touchdowns in Super Bowl 47 - Statistics

General Stats
  • This quiz has been taken 67 times
  • The average score is 5 of 7
Answer Stats
Team Position # Answer % Correct
Ravens Quarterback 3 Joe Flacco
98%
49ers Quarterback 2 Colin Kaepernick
87%
49ers Runningback 1 Frank Gore
74%
Ravens Wide Receiver 2 Jacoby Jones
61%
49ers Wide Receiver 1 Michael Crabtree
59%
Ravens Wide Receiver 1 Anquan Boldin
43%
Ravens Tight End 1 Dennis Pitta
33%
No matching quizzes found
Score Distribution
Percent of People with Each Score
Percentile by Number Answered
Your Score History
You have not taken this quiz